00482nam a22001337a 4500008004100000040005500041080001500096100001500111245009400126260008600220300000900306650001500315653001800330230519b |||||||| |||| 00| 0 eng d aNational Science LibrarycNational Science Library a581.19bH9 aWebb, L J  aAustralian phytochemical survey alkaloids and cyanogenetic compounds in Queensland plants aMelbourne: bCommonwealth Scientific and Industrial Research Organization, c1949 a56p. aAlkaloids  aCyanogenetic